Movie Titles In 4's Quiz Stats

 Plays Quiz Updated Nov 14, 2018

Challenge
Share
Tweet
Embed
Score 0/144 Timer 06:00
1 Play Today
% Correct
Ferris Bueller's Day Off
96.4%
Ferris Bueller's Day Off
96.4%
Ferris Bueller's Day Off
96.4%
Ferris Bueller's Day Off
96.4%
To Kill A Mockingbird
93.5%
To Kill A Mockingbird
93.5%
To Kill A Mockingbird
93.5%
To Kill A Mockingbird
93.5%
The Wizard Of Oz
88.2%
The Wizard Of Oz
88.2%
The Wizard Of Oz
88.2%
The Wizard Of Oz
88.2%
A Streetcar Named Desire
84.4%
A Streetcar Named Desire
84.4%
A Streetcar Named Desire
84.4%
A Streetcar Named Desire
84.4%
The Grapes Of Wrath
79.7%
The Grapes Of Wrath
79.7%
The Grapes Of Wrath
79.7%
The Grapes Of Wrath
79.7%
The Talented Mr. Ripley
77.9%
The Talented Mr. Ripley
77.9%
The Talented Mr. Ripley
77.9%
The Talented Mr. Ripley
77.9%
Shaun Of The Dead
77.7%
Shaun Of The Dead
77.7%
Shaun Of The Dead
77.7%
Shaun Of The Dead
77.7%
What's Eating Gilbert Grape
73.4%
What's Eating Gilbert Grape
73.4%
What's Eating Gilbert Grape
73.4%
What's Eating Gilbert Grape
73.4%
Requiem For A Dream
71.4%
Requiem For A Dream
71.4%
Requiem For A Dream
71.4%
Requiem For A Dream
71.4%
Back To The Future
68.9%
Back To The Future
68.9%
Back To The Future
68.9%
Back To The Future
68.9%
Gone With The Wind
67.4%
Gone With The Wind
67.4%
Gone With The Wind
67.4%
Gone With The Wind
67.4%
Dial M For Murder
65.6%
Dial M For Murder
65.6%
Dial M For Murder
65.6%
Dial M For Murder
65.6%
% Correct
It's A Wonderful Life
63.9%
It's A Wonderful Life
63.9%
It's A Wonderful Life
63.9%
It's A Wonderful Life
63.9%
Letters From Iwo Jima
63.6%
Letters From Iwo Jima
63.6%
Letters From Iwo Jima
63.6%
Letters From Iwo Jima
63.6%
A Fistful Of Dollars
62.3%
A Fistful Of Dollars
62.3%
A Fistful Of Dollars
62.3%
A Fistful Of Dollars
62.3%
Some Like It Hot
61.3%
Some Like It Hot
61.3%
Some Like It Hot
61.3%
Some Like It Hot
61.3%
The Thomas Crown Affair
60.9%
The Thomas Crown Affair
60.9%
The Thomas Crown Affair
60.9%
The Thomas Crown Affair
60.9%
Scent Of A Woman
60.7%
Scent Of A Woman
60.7%
Scent Of A Woman
60.7%
Scent Of A Woman
60.7%
From Dusk Till Dawn
54.9%
From Dusk Till Dawn
54.9%
From Dusk Till Dawn
54.9%
From Dusk Till Dawn
54.9%
Arsenic And Old Lace
49.5%
Arsenic And Old Lace
49.5%
Arsenic And Old Lace
49.5%
Arsenic And Old Lace
49.5%
Death At A Funeral
46.5%
Death At A Funeral
46.5%
Death At A Funeral
46.5%
Death At A Funeral
46.5%
There Will Be Blood
45.6%
There Will Be Blood
45.6%
There Will Be Blood
45.6%
There Will Be Blood
45.6%
It Happened One Night
44.5%
It Happened One Night
44.5%
It Happened One Night
44.5%
It Happened One Night
44.5%
Drag Me To Hell
36.4%
Drag Me To Hell
36.4%
Drag Me To Hell
36.4%
Drag Me To Hell
36.4%
% Correct
Strangers On A Train
35.8%
Strangers On A Train
35.8%
Strangers On A Train
35.8%
Strangers On A Train
35.8%
Hannah And Her Sisters
35.7%
Hannah And Her Sisters
35.7%
Hannah And Her Sisters
35.7%
Hannah And Her Sisters
35.7%
Witness For The Prosecution
33.7%
Witness For The Prosecution
33.7%
Witness For The Prosecution
33.7%
Witness For The Prosecution
33.7%
Never Say Never Again
33.1%
Never Say Never Again
33.1%
Never Say Never Again
33.1%
Never Say Never Again
33.1%
Like Water for Chocolate
26.9%
Like Water for Chocolate
26.9%
Like Water for Chocolate
26.9%
Like Water for Chocolate
26.9%
Wet Hot American Summer
22.1%
Wet Hot American Summer
22.1%
Wet Hot American Summer
22.1%
Wet Hot American Summer
22.1%
Lady In The Water
16%
Lady In The Water
16%
Lady In The Water
16%
Lady In The Water
16%
The Girl Next Door
15.6%
The Girl Next Door
15.6%
The Girl Next Door
15.6%
The Girl Next Door
15.6%
Kind Hearts And Coronets
13.5%
Kind Hearts And Coronets
13.5%
Kind Hearts And Coronets
13.5%
Kind Hearts And Coronets
13.5%
Grave Of The Fireflies
9.4%
Grave Of The Fireflies
9.4%
Grave Of The Fireflies
9.4%
Grave Of The Fireflies
9.4%
All About My Mother
6.6%
All About My Mother
6.6%
All About My Mother
6.6%
All About My Mother
6.6%
After The Thin Man
5.3%
After The Thin Man
5.3%
After The Thin Man
5.3%
After The Thin Man
5.3%

You're not logged in!

Compare scores with friends on all Sporcle quizzes.
OR
Log In

You Might Also Like...

Show Comments

Extras

Top Quizzes Today


Score Distribution

Your Account Isn't Verified!

In order to create a playlist on Sporcle, you need to verify the email address you used during registration. Go to your Sporcle Settings to finish the process.

Report this User

Report this user for behavior that violates our Community Guidelines.

Details: